000 01094cam a22002054a 4500
005 20250605164135.0
008 250528s ||||||||||||||||||||||||d
035 _a18719
020 _a155365010
040 _aGR-AtMCL
_bgre
_dGR-AtMCL
_eAACR2
245 1 _aHistory of the American Economy / Third Edition
250 _a3rd
260 _bHarcourt Brace Jovanovich, Publishers,
_c1973
300 _a790
520 _aPreface, The Emerging Roles of Economic History, The Colonial Period, The Founding of the Colonies, American Commerce and British Colonial Policy, 1789-1860, Transportation and Economic Unification, Industry in First Transition, Commerce and Growth, 1861-1920, Spreading Transportation Networks, Key Changes in Industry, The Organisation of Labor, Progress and Depression and the Appeal to Government, 1921 to the Present, Agriculture in an Industrial Economy, The Dominance of Manufacturing, Labor's Progress in an Industrial Economy, Appendices, Suggested References, Index.
700 1 _aRobertson Ross M
_94972
942 _cBK
999 _c4043
_d4043